Electricity for the trades / (Record no. 632)

MARC details
000 -LEADER
fixed length control field 00514nam a22001817a 4500
005 - DATE AND TIME OF LATEST TRANSACTION
control field 20230608062218.0
008 - FIXED-LENGTH DATA ELEMENTS--GENERAL INFORMATION
fixed length control field 230124b |||||||| |||| 00| 0 eng d
020 ## - INTERNATIONAL STANDARD BOOK NUMBER
International Standard Book Number 978-1-260-54784-9
082 ## - DEWEY DECIMAL CLASSIFICATION NUMBER
Classification number 621.3 P498 2020
100 ## - MAIN ENTRY--PERSONAL NAME
Personal name Petruzella, Frank D.,
Relator term author.
245 ## - TITLE STATEMENT
Title Electricity for the trades /
Statement of responsibility, etc. Frank D. Petruzella.
250 ## - EDITION STATEMENT
Edition statement 3rd ed.
260 ## - PUBLICATION, DISTRIBUTION, ETC.
Place of publication, distribution, etc. New York:
Name of publisher, distributor, etc. McGrawHill Education,
Date of publication, distribution, etc. c2020.
300 ## - PHYSICAL DESCRIPTION
Extent xvii, 398p.;
Other physical details col. ill
504 ## - BIBLIOGRAPHY, ETC. NOTE
Bibliography, etc. note Includes index.
541 ## - IMMEDIATE SOURCE OF ACQUISITION NOTE
Accession number 6283
650 ## - SUBJECT ADDED ENTRY--TOPICAL TERM
Topical term or geographic name entry element Electricity
Holdings
Withdrawn status Lost status Source of classification or shelving scheme Damaged status Not for loan Home library Current library Date acquired Total Checkouts Full call number Barcode Date last seen Price effective from Koha item type
    Dewey Decimal Classification     ctu-moalboal ctu-moalboal 10/14/2019   621.3 P498 2020 6283 01/24/2023 01/24/2023 Books-Reference